| 000 | 01248cam a22003375i 4500 | ||
|---|---|---|---|
| 999 |
_c24121 _d24093 |
||
| 001 | 16698126 | ||
| 003 | EG-ScBUE | ||
| 005 | 20200203132701.0 | ||
| 008 | 110318t20122012maua f bd 001 0 eng d | ||
| 020 | _a9780205236398 (pbk. : alk. paper) | ||
| 020 | _a0205236391 (alk. paper) | ||
| 035 | _a(OCoLC)ocn708243822 | ||
| 040 |
_aDLC _beng _erda _cDLC _dYDX _dYDXCP _dBWX _dDLC _dEG-ScBUE |
||
| 082 | 0 | 4 |
_a808.066791 _bCOR _222 |
| 100 | 1 |
_aCorrigan, Timothy, _d1951- _eauthor. |
|
| 245 | 1 | 2 |
_aA short guide to writing about film / _cTimothy Corrigan, The University of Pennsylvania. |
| 250 | _aEighth edition. | ||
| 264 | 1 |
_aBoston : _bPearson Education, _c[2012] |
|
| 264 | 4 | _cc2012 | |
| 300 |
_axiv, 188 pages : _billustrations ; _c22 cm. |
||
| 336 |
_atext _btxt _2rdacontent |
||
| 337 |
_aunmediated _bn _2rdamedia |
||
| 338 |
_avolume _bnc _2rdacarrier |
||
| 490 | 0 | _aShort guide series | |
| 504 | _aIncludes bibliographical references and index. | ||
| 520 | _aTimothy Corrigan addresses the difficulties and methods of writing effective essays about film. He includes numerous student and professional essay samples. | ||
| 650 | 7 |
_aFilm criticism. _2BUEsh _939198 |
|
| 651 | _2BUEsh | ||
| 653 |
_bHHUUEENN _cFebruary2017 |
||
| 942 |
_2ddc _cBB |
||